000 00364nam a2200145Ia 4500
008 230312s9999||||xx |||||||||||||| ||und||
020 _a9789696520597
082 _a891.4
_bFAR-B
100 _aفرخ سہیل گوئنری
245 0 _aبادشاہی سے جلاوطنی
260 _bJamhori
_apak
_c2016
300 _a160
650 _aLiterature
942 _cBK
999 _c14862
_d14862